Parkscout Publikums-Award: Beste Achterbahn / Beste Familienachterbahn - Statistiken

Allgemein
  • Dieses Quiz wurde 7 mal gespielt
  • Das Durchschnittsergebnis liegt bei 6 aus 7
Antwortstatistiken
Bildquiz Hint Antwort % Korrekt
2007/08-2010/11 Black Mamba
100%
2011/12-2012/13 Blue Fire Megacoaster
100%
2003/04-2006/07 Expedition GeForce
100%
2017-2025/26 Taron
100%
2017-2021, 2025/26 Colorado Adventure
83%
2022-2024/25 Movie Park Studio Tour
83%
2012/13 Die Schlange von Midgard
50%
Keine übereinstimmenden Quizze gefunden
Verteilung der Resultate
Anzahl Personen mit jedem Resultat
Perzentil nach korrekt beantworteten Fragen
Ihre Resultats-Entwicklung
Sie haben dieses Quiz noch nicht gespielt